00326pab a2200121 454500008004000000100002600040245004800066260000900114300001300123362000800136650001200144773004800156180718b2007 xxu||||| |||| 00| 0 eng d aReddy, A. Jagan Mohan aCorporate feud for talent: some reflections c2007 ap.68-73. aApr aTalents aPrestige Journal of Management and Research